| 000 | 00891nam a22001937a 4500 | ||
|---|---|---|---|
| 005 | 20240806143254.0 | ||
| 010 | _aB-760169 CHHN | ||
| 020 |
_a9788195299133 _c300.00 |
||
| 035 | _aB-760169 | ||
| 037 | _b उपहार | ||
| 082 | _aक | ||
| 100 |
_aअशोक _969591 |
||
| 245 |
_aनीकू कौआ की चालाकी ने दुष्ट चपलू नाग को एक सीख दी/ _cअशोक |
||
| 260 |
_aदिल्ली _bदेशराज एण्ड सन्स _c2022 |
||
| 270 |
_aएन-67,तृतीय तल गली नं.-4,नवीन शाहदरा, _bदिल्ली _e110032 |
||
| 300 |
_a60पृ.: _bसचित्र _c24सेमी(सजिल्द) |
||
| 942 |
_2ddc _cCH _hक _mअशोक |
||
| 999 |
_c204882 _d204882 |
||